000
002360000a22000970004500
100
1
_a
Helm, Paul
245
1
0
_a
Eternal creation
300
_a
Vol. 2, Num. 45 (Noviembre, 1994), Páginas 321-338
773
0
_t
Tyndale Bulletin
942
_c
ANA
999
_c
56719
_d
56719